00461nam a22001572 4500001001100000005001700011008004100028020002600069040001500095100002900110245005300139260003400192300001600226650003100242700003000273000000698320151217154400.0071105s xx 000 0 eng d a052154891 :cKES 2400 aKABUcKABU1 aJones, Mary.@000015523910aHuman biology for AS /cMary Jones, Geoff Jones. aCambridge :bC. U. P.,c2004. avi, 296 p. 0aHuman biology.@00001552141 aJones, Geoff.@0000155240